00626nam a2200193Ia 450000500170000000800410001702000150005808200160007324500840008926000600017330000190023365000130025265000170026565000120028270000210029494200060031595200960032199900150041720240805040841.0240331s9999 xx 000 0 und d a9627245011 bEXPa382.71 0aExport processing zones in five countriesb The economic and human consequences aHong kongbAsia partnership for human developmentc1986 aviii, 267 p ., aEconomic aHuman Rights aHistory aShoesmith,Deedt cL 001040708LaWERCLbWERCLcSSCd2024-03-31l0o 382.71 EXPp28r2024-03-31w2024-03-31yL c2840d2840